Comentarios reales : (Record no. 15781)

000 -CABECERA
fixed length control field 00946nam a22002297a 4500
003 - IDENTIFICADOR DEL NÚMERO DE CONTROL
control field AR-CdUCM
008 - DATOS DE LONGITUD FIJA--INFORMACIÓN GENERAL
fixed length control field 190430b ||||| |||| 00| 0 spa d
040 ## - FUENTE DE LA CATALOGACIÓN
Agencia/entidad que catalogó originalmente la obra MUNICIPALIDAD PROVINCIAL DEL CUSCO
Entidad que transcribió la catalogación BIBLIOTECA MUNICIPAL DEL CUSCO
082 ## - NÚMERO DE LA CLASIFICACIÓN DECIMAL DEWEY
No. de Clasificación 375.42 /
Notacion interna B3
100 ## - ENTRADA PRINCIPAL--NOMBRE DE PERSONA
Nombre Personal Garcilaso de la Vega, Inca
245 ## - MENCIÓN DE TÍTULO
Título Comentarios reales :
Resto del título selección /
260 ## - PUBLICACIÓN, DISTRIBUCIÓN, ETC.
Lugar de publicación, distribución, etc. Lima :
Nombre de la editorial, distribuidor, etc. Eds. del Ministerio de Educación Pública,
Fecha de publicación, distribución, etc. 1958.
300 ## - DESCRIPCIÓN FÍSICA
Nº de Páginas Extensión 152 páginas ;
Dimensiones 17 cm.
440 ## - MENCIÓN DE SERIE/PUNTO DE ACCESO ADICIONAL--TÍTULO
Título Biblioteca del estudiante peruano ;
Número de la parte/sección de una obra 3
9 (RLIN) 34986
505 ## - NOTA DE CONTENIDO CON FORMATO
Nota de contenido formateada Contenido: Proemio al lector -- Acerca de la lengua general de los indios del Perú -- Si hay muchos mundos, trata de las cinco zonas -- La descripción del Perú -- El origen de los incas, reyes del Perú ...
650 ## - PUNTO DE ACCESO ADICIONAL DE MATERIA--TÉRMINO DE MATERIA
Descriptor Descubrimiento y Conquista
9 (RLIN) 2362
650 ## - PUNTO DE ACCESO ADICIONAL DE MATERIA--TÉRMINO DE MATERIA
Descriptor Guerras Civiles
9 (RLIN) 7729
650 ## - PUNTO DE ACCESO ADICIONAL DE MATERIA--TÉRMINO DE MATERIA
Descriptor Historia
9 (RLIN) 136
650 ## - PUNTO DE ACCESO ADICIONAL DE MATERIA--TÉRMINO DE MATERIA
Descriptor Perú
9 (RLIN) 35
942 ## - ELEMENTOS DE PUNTO DE ACCESO ADICIONAL (KOHA)
Fuente de clasificación
Tipo de item Libros-BMC
945 ## - PROCESAMIENTO DE INFORMACIÓN LOCAL (OCLC)
Catalogador acv
AAAA-MM-DD - Fecha de ingreso o modificacion 2019-04-30
Holdings
Estado de retiro (separado) Fuente de clasificación o esquema de estanterías Estado dañado Ubicación Sala donde se ubica Nombre de la colección Fecha de adquisición o compra Costo, precio normal en soles Signatura topográfica Código de Barras Última vez visto (Koha) Tipo de ítem (Koha)
No     Sala Humanidades Sala Humanidades Book Cart 2019-04-30 20.00 375.42 / B3 SH0000010964 2019-04-30 Libros-BMC

Powered by Koha